00342nam a2200109Ia 4500008004100000245009300041260004900134260000900183300001000192500001400202650001600216170224s9999 xx 000 0 und d aKnowledge of identity and reputation: Do people have knowledge of others’ perceptions? bJournal of Personality and Social Psychology c2016 a111:3 aSeptember xPsychology.